Kreslenie schém pomocou počítača PMD 85-2 : Číslo úlohy A 08-333-811/01.E02

Salvato in:
Dettagli Bibliografici
Altri autori: Veselovský, Ján, 1937- (Capo team ricerca)
Natura: Libro
Pubblicazione: Bratislava : SVŠT v Bratislave EF, 1990
Tags: Aggiungi Tag
Nessun Tag, puoi essere il primo ad aggiungerne!!

MARC

LEADER 00000nam a22000003a 4500
001 stu236304
005 20150617225805.9
008 111012s1990----------------------------d
040 |a STU  |b slo 
041 0
100 1 |a Veselovský, Ján,  |d 1937-  |4 rth  |u E180  |U FEI Fakulta elektrotechniky a informatiky  |T FEI Katedra mechaniky  |X 2165  |U E180  |Y 65  |7 A000002165 
245 1 |a Kreslenie schém pomocou počítača PMD 85-2 :  |b Číslo úlohy A 08-333-811/01.E02 
260 |a Bratislava :  |b SVŠT v Bratislave EF,  |c 1990 
300 |a 13 s 
996 |b EVYSK-S-437  |c E*VYSK-S-437  |l E  |s P  |a 0  |w stu236304_0001